| 000 | 00579nam a22002057a 4500 | ||
|---|---|---|---|
| 005 | 20170124110240.0 | ||
| 010 | _a953285 | ||
| 020 |
_c00.00 _a0289707595 |
||
| 035 | _a953285 | ||
| 037 | _bCen Lib/Ret | ||
| 040 |
_aDPL _bEN |
||
| 082 |
_a745.52 _bCHE |
||
| 100 |
_aChetwynd, Hilary _994635 |
||
| 245 |
_aWeaving : _cby Hilary Chetwynd _bin easy steps / |
||
| 260 |
_aLondon _bStudio Vista _c1977 |
||
| 270 |
_bLondon _a35 Red Lion Square _eWC1 4 SG |
||
| 300 |
_a64p.: _c26cm(Hb) _bill. |
||
| 650 |
_aHand weaving _939185 |
||
| 942 |
_2ddc _cEN _h745.52 _mCHE |
||
| 999 |
_c135142 _d135142 |
||